Examining the Effect of COVID-19 on Stock Markets in South Asian Countries / (Record no. 566181)
[ view plain ]
| 000 -LEADER | |
|---|---|
| fixed length control field | 00650nam a22001817a 4500 |
| 020 ## - INTERNATIONAL STANDARD BOOK NUMBER | |
| Qualifying information | Hard Cover. |
| 082 ## - DEWEY DECIMAL CLASSIFICATION NUMBER | |
| Classification number | 330 |
| 100 ## - MAIN ENTRY--PERSONAL NAME | |
| Personal name | Amina Sultan : Atza Yousaf : Subul Ahsan Sheikh. |
| 245 ## - TITLE STATEMENT | |
| Title | Examining the Effect of COVID-19 on Stock Markets in South Asian Countries / |
| Statement of responsibility, etc. | Sultan, Amina : Yousaf, Ataz : Sheikh, Subul Ahsan |
| 260 ## - PUBLICATION, DISTRIBUTION, ETC. | |
| Place of publication, distribution, etc. | Islamabad: |
| Name of publisher, distributor, etc. | S3H-NUST, |
| Date of publication, distribution, etc. | 2021. |
| 300 ## - PHYSICAL DESCRIPTION | |
| Extent | 38 p. : |
| Other physical details | ill. ; |
| Dimensions | 30cm. |
| 563 ## - BINDING INFORMATION | |
| Binding note | HB |
| 650 ## - SUBJECT ADDED ENTRY--TOPICAL TERM | |
| Topical term or geographic name entry element | BS-Economics |
| 700 ## - ADDED ENTRY--PERSONAL NAME | |
| Personal name | Dr. Muhammad Zubair Mumtaz |
| 856 ## - Uniform Resource Identifier | |
| Uniform Resource Identifier | <a href="http://10.250.8.41:8080/xmlui/handle/123456789/24374">http://10.250.8.41:8080/xmlui/handle/123456789/24374</a> |
| 942 ## - ADDED ENTRY ELEMENTS (KOHA) | |
| Source of classification or shelving scheme | |
| Koha item type | Project Report |
| 700 ## - ADDED ENTRY--PERSONAL NAME | |
| -- | 18702 |
| Withdrawn status | Lost status | Source of classification or shelving scheme | Damaged status | Not for loan | Permanent Location | Current Location | Shelving location | Date acquired | Full call number | Barcode | Date last seen | Price effective from | Koha item type |
|---|---|---|---|---|---|---|---|---|---|---|---|---|---|
| WITHDRAWN | Central Library (CL) | Central Library (CL) | Thesis | 06/15/2021 | 330 | CL-BP-684 | 06/15/2021 | 06/15/2021 | Project Report |
